000 00453nam a2200193Ia 4500
008 240510s9999 xx 000 0 und d
020 _a0000132482797
041 _aEng
082 _a005.3684
082 _bG57
100 _aMICHAEL, GOSNEY:DAYTON, L.
245 4 _aThe Verbum Book of Electronic Page Design
260 _bPrentice Hall
260 _c1990
300 _a211 p.
650 _aDESKTOP PUBLISHING
942 _2ddc
942 _cLBK
999 _c23952
_d23952
945 _a1
_bMadushi Gamage
_c1
_dMadushi Gamage